000
00272nam a2200109Ia 4500
005
20251222143251.0
008
251222s9999||||xx |||||||||||||| ||spa||
082
_a
726.2/M91A
245
0
_a
L' Architecture, Algerienne
264
_b
Ministére de l'Information
942
_c
LIB
999
_c
14964
_d
14964